[Event "CZE-chT1E 1617"]
[Site "Czech Republic"]
[Date "2017.01.22"]
[Round "6.1"]
[White "Zigo, Viktor"]
[Black "Vrana, Frantisek"]
[Result "1/2-1/2"]
[WhiteElo "2258"]
[BlackElo "2209"]
[PlyCount "144"]
[EventDate "2016.10.16"]
[EventType "team-tourn"]
[EventRounds "11"]
[EventCountry "CZE"]
[SourceTitle "CBM 177 Extra"]
[Source "ChessBase"]
[SourceDate "2017.04.27"]
[SourceVersion "1"]
[SourceVersionDate "2017.04.27"]
[SourceQuality "1"]
[WhiteTeam "Jihlava Gordic"]
[BlackTeam "Stare Mesto"]
[WhiteTeamCountry "CZE"]
[BlackTeamCountry "CZE"]

1. e4 e6 2. d3 d5 3. Nd2 c5 4. Ngf3 Nf6 5. g3 Nc6 6. Bg2 Be7 7. 0-0 0-0 8. e5 Nd7 9. Re1 b5 10. h4 a5 11. Nf1 b4 12. Bf4 a4 13. a3 bxa3 14. bxa3 Rb8 15. N1h2 Rb6 16. c4 Rb3 17. cxd5 exd5 18. Ng5 Nb6 19. e6 Bxe6 20. Rxe6 fxe6 21. Nxe6 Qe8 22. Nxf8 Bxf8 23. Bc7 Ne7 24. Qg4 Qd7 25. Bxb6 Qxg4 26. Nxg4 Rxb6 27. Ne3 Rb3 28. Nxd5 Rxd3 29. Nb6 Ng6 30. Nxa4 c4 31. Nb2 Rxa3 32. Bd5+ Kh8 33. Rxa3 Bxa3 34. Nxc4 Bc5 35. Be4 Ne7 36. Kg2 Nc8 37. Ne5 Nd6 38. Bd3 Ba3 39. Kf3 Bb4 40. Kg4 Kg8 41. h5 h6 42. Bg6 Kh8 43. f3 Bd2 44. Bc2 Bc1 45. Bb3 Bd2 46. Ng6+ Kh7 47. Be6 Bc1 48. Kh3 Bd2 49. Kg2 Be1 50. g4 Ba5 51. Kf2 Bb6+ 52. Ke2 Ba7 53. Kd3 Bb6 54. Kc3 Ba7 55. Kb4 Bb6 56. Bd5 Ba7 57. Nf8+ Kh8 58. Ne6 Kh7 59. f4 Bg1 60. Kc3 Bb6 61. Kd3 Bg1 62. Ke2 Ba7 63. Kf3 Kh8 64. Nf8 Bg1 65. Bb3 Ba7 66. g5 hxg5 67. fxg5 Bd4 68. Kg4 Bc3 69. Ne6 Bb2 70. h6 gxh6 71. gxh6 Nf7 72. Kh5 Bc1 1/2-1/2

[Event "CZE-chT1E 1617"]
[Site "Czech Republic"]
[Date "2016.10.16"]
[Round "1.4"]
[White "Krejca, Jakub"]
[Black "Zigo, Viktor"]
[Result "0-1"]
[WhiteElo "1992"]
[BlackElo "2258"]
[PlyCount "194"]
[EventDate "2016.10.16"]
[EventType "team-tourn"]
[EventRounds "11"]
[EventCountry "CZE"]
[SourceTitle "CBM 175 Extra"]
[Source "ChessBase"]
[SourceDate "2016.12.12"]
[SourceVersion "1"]
[SourceVersionDate "2016.12.12"]
[SourceQuality "1"]
[WhiteTeam "Zlin"]
[BlackTeam "Jihlava Gordic"]
[WhiteTeamCountry "CZE"]
[BlackTeamCountry "CZE"]

1. e4 e5 2. Nf3 Nc6 3. Bc4 Nf6 4. d3 Be7 5. Nc3 d6 6. Be3 Be6 7. Bb3 d5 8. d4 exd4 9. Nxd4 Nxd4 10. Bxd4 dxe4 11. Bxe6 fxe6 12. 0-0 0-0 13. Bxf6 Bxf6 14. Qg4 Bxc3 15. Qxe6+ Rf7 16. bxc3 Qd2 17. Rad1 Qf4 18. Rd7 Raf8 19. Rxf7 Rxf7 20. Qd5 e3 21. Qd8+ Rf8 22. Qd5+ Kh8 23. Qd4 exf2+ 24. Qxf2 Qxf2+ 25. Rxf2 Kg8 26. Rd2 g6 27. Rd7 Rf7 28. Rxf7 Kxf7 29. Kf2 Ke6 30. Ke3 Kd5 31. Kf4 Kc4 32. Kg5 Kxc3 33. h4 Kxc2 34. Kh6 c5 35. Kxh7 c4 36. Kxg6 c3 37. h5 Kb1 38. h6 c2 39. h7 c1Q 40. h8Q Qc2+ 41. Kh5 Qxg2 42. Qd4 Qe2+ 43. Kh4 Qe1+ 44. Kg4 a5 45. Kh5 Qb4 46. Qd5 b6 47. Kh6 Qh4+ 48. Kg6 Qg3+ 49. Kf7 Qf2+ 50. Ke8 Qe3+ 51. Kf7 Kb2 52. Qg2+ Ka3 53. Qc2 Qf4+ 54. Ke6 Qg4+ 55. Kd6 Qb4+ 56. Kc6 a4 57. Qe2 Qc5+ 58. Kb7 b5 59. Ka6 Qc4 60. Qd2 b4+ 61. Kb6 Qxa2 62. Qe3+ Qb3 63. Qe1 Qc3 64. Qe7 Qd4+ 65. Kb5 Qd5+ 66. Kb6 Qd4+ 67. Kb5 Qd3+ 68. Ka5 Qf5+ 69. Kb6 Qf2+ 70. Kb5 Qd4 71. Ka5 Qd5+ 72. Kb6 Kb2 73. Qe2+ Kc3 74. Qe1+ Qd2 75. Qa1+ Kb3 76. Qb1+ Qb2 77. Qd3+ Qc3 78. Qd1+ Ka3 79. Qd6 Ka2 80. Qh2+ Qb2 81. Qd6 b3 82. Kb5 a3 83. Ka4 Qc1 84. Qd5 Qf4+ 85. Kb5 Kb2 86. Qg2+ Kc3 87. Qc6+ Kd2 88. Qd5+ Kc2 89. Qc6+ Kb1 90. Qg6+ Ka2 91. Qe6 Qd4 92. Ka5 Kb2 93. Qe2+ Kc3 94. Qf3+ Kc2 95. Qf5+ Qd3 96. Qg4 a2 97. Qg1 a1Q+ 0-1

[Event "CZE-chT2E 1516"]
[Site "Czech Republic"]
[Date "2015.11.22"]
[Round "3.5"]
[White "Zigo, Viktor"]
[Black "Bares, Jachym"]
[Result "1-0"]
[WhiteElo "2265"]
[BlackElo "1925"]
[PlyCount "95"]
[EventDate "2015.10.18"]
[EventType "team-tourn"]
[EventRounds "11"]
[EventCountry "CZE"]
[SourceTitle "EXT 2022"]
[Source "ChessBase"]
[SourceDate "2021.10.06"]
[SourceVersion "1"]
[SourceVersionDate "2021.10.06"]
[SourceQuality "1"]
[WhiteTeam "Jihlava Gordic"]
[BlackTeam "Grygov II"]
[WhiteTeamCountry "CZE"]
[BlackTeamCountry "CZE"]

1. e4 e5 2. Nf3 Nc6 3. Bb5 f5 4. d3 fxe4 5. dxe4 Nf6 6. Nc3 Bc5 7. Bg5 d6 8. Bc4 Na5 9. Qd3 c6 10. Bb3 Nxb3 11. axb3 b5 12. h3 0-0 13. 0-0 Be6 14. Be3 Bxe3 15. Qxe3 Qc7 16. Ne2 Nh5 17. Ng5 Bd7 18. b4 d5 19. Qb3 Nf6 20. Nc3 Kh8 21. exd5 cxd5 22. Nxd5 Nxd5 23. Qxd5 Bc6 24. Qc5 Rf6 25. Rfe1 Qb7 26. f3 h6 27. Ne4 Re6 28. c3 a6 29. Rad1 Bxe4 30. Rxe4 Rc8 31. Qe3 Rce8 32. Qd2 R8e7 33. Qd5 Qxd5 34. Rxd5 Kg8 35. Kf2 Kf7 36. h4 g6 37. Ke3 Kf6 38. Kd3 Rc6 39. b3 Rec7 40. c4 bxc4+ 41. bxc4 Re6 42. c5 Rcc6 43. Kc4 Kf5 44. Rd7 Kf6 45. Kd5 Rc8 46. f4 Rce8 47. Rd6 Rxd6+ 48. cxd6 1-0